Perdido en su noche
Guardat en:
| Autor principal: | |
|---|---|
| Format: | Llibre |
| Idioma: | espanyol |
| Publicat: |
Buenos Aires
Sudamericana
1958
|
| Col·lecció: | Colección Novelistas Hispanoamericanos
|
| Matèries: | |
| Etiquetes: |
Afegir etiqueta
Sense etiquetes, Sigues el primer a etiquetar aquest registre!
|
MARC
| LEADER | 00000cam a2200000 a 4500 | ||
|---|---|---|---|
| 001 | UCZ7819 | ||
| 003 | CL-VaPUC | ||
| 008 | 960112e19580000AG |||||||||||||||||spa|d | ||
| 082 | 0 | 4 | |a Ar863 |b GAL |2 21 |
| 100 | 0 | |a Gálvez, Manuel |e author |9 330142 | |
| 245 | 1 | 0 | |a Perdido en su noche |
| 300 | |a 250 p | ||
| 942 | |c BK | ||
| 945 | |d 19960112 00:00:00 |a rleighto | ||
| 260 | |a Buenos Aires |b Sudamericana |c 1958 | ||
| 650 | 0 | |a Novelas argentinas |9 267871 | |
| 583 | |a last modification |c 20140701 10:35:30 |k Rodrigo Vera | ||
| 490 | 0 | |a Colección Novelistas Hispanoamericanos | |
| 999 | |c 243817 |d 243815 | ||
| 952 | |0 0 |1 0 |4 0 |6 AR_863_000000000000000_GAL_1958 |7 0 |8 A |9 257639 |a BIBEDU |b BIBEDU |d 2019-11-19 |i 316926K |o Ar863 GAL 1958 |p 316926K |r 2019-11-19 |w 2019-11-19 |y BK |k LIT | ||
| 952 | |0 0 |1 0 |3 erb |4 0 |6 AR_863_000000000000000_GAL_1958 |7 0 |8 A |9 257640 |a BIBEDU |b BIBEDU |i 5050898 |o Ar863 GAL 1958 |p 5050898 |r 2019-11-19 |w 2019-11-19 |y BK |k LIT | ||